AL my hero academia names - Statistics

General Stats
  • This quiz has been taken 8 times
  • The average score is 3 of 157
Answer Stats
role character % Correct
Todoroki family shoto todoroki
67%
Hero Endeavor
33%
Todoroki family Fuyumi Todoroki
33%
Bakugo Family katsuki bakugo
33%
Todoroki family Natsuo Todoroki
33%
Hero - teacher All Might
17%
League of Villains himiko toga
17%
Class 1A Izuku Midoriya
17%
League of villains Tomura shigaraki
17%
Villain All For One
0%
League of Villains Atsuhiro Sako
0%
Hero Backdraft
0%
Todoroki family badi
0%
other Bibimi Kenranzaki
0%
Student - other Camie Utsushimi
0%
Hero Cathleen Bate
0%
Hero - teacher Cementoss
0%
Hero - teacher Centipeder
0%
Villain Chitose Kizuki
0%
Villain Chizome Akaguro
0%
police Cop
0%
other Dadan Tadan
0%
other David Shield
0%
Hero Death arms
0%
Class 1A Denki Kaminari
0%
Class 1A Eijiro Kirishima
0%
Hero - teacher Emi Fukukado
0%
Hero ENma Kannagi
0%
other Eri
0%
Hero Fouth Kind
0%
Class 1A Fumikage Tokoyami
0%
Villain Gentle Criminal
0%
Villain Gigantomachia
0%
Hero - teacher Giran
0%
Hero Gran Torino
0%
Villain Gunhead
0%
Villain Habuko Mongoose
0%
Class 1A Hanta Sero
0%
Villain hari Kurono
0%
Hero - teacher Higari Majima
0%
other Hiryuu Rin
0%
Class 1A+1B Hitoshi Shinso
0%
Hero - teacher Hizashi Yamada
0%
Hero - Teacher Hound Dog
0%
Class 1B Ibara Shiozaki
0%
Class 1B Inasa Yoarashi
0%
other Inko Midoriya
0%
other Itejirou Touteki
0%
Class 1B Itsuka Kendo
0%
League of Villains Jin Bubaigawara
0%
Villain Joui Irinaka
0%
Class 1B Jurota Shinshida
0%
Class 1B Juzo Honenuki
0%
Villain Kai Chisaki
0%
Hero Kamui Woods
0%
other Kaoruko Awata
0%
Hero Kashiko Sekigai
0%
Hero Keigo Takami
0%
Villain Kenji Hikiishi
0%
Police Kenji Tsuragamae
0%
Class 1B Kinoko Komori
0%
Other Knuckle Duster
0%
Other Koichi Haimaru
0%
Class 1A Koji Koda
0%
Class 1B Kojirou Bondo
0%
other Koku Hanabata
0%
other Komari Ikoma
0%
Class 1B Kosei Tsuburaba
0%
other Kotaro Shimura
0%
other Kouta Izumi
0%
Villain Kurogiri
0%
Hero Kuugo Sakamata
0%
Class 1A Kyoka Jiro
0%
other Kyoutoku Jirou
0%
Villain La Braca
0%
Hero - teacher Lunch Rush
0%
other Makoto Tsukauchi
0%
Class 1B Manga Fukidashi
0%
Hero Masaki Mizushima
0%
Bakugo Family Masaru bakugo
0%
Class 1A Mashirao Ojiro
0%
support course Mei Hatsume
0%
other Melissa Shield
0%
Class 1A Mezou Shouji
0%
Hero - teacher Midnight
0%
Class 1A Mina Ashido
0%
Class 1A Minoru Mineta
0%
Hero Mirai sasaki
0%
Big three Mirio Togata
0%
Bakugo Family Mitsuki Bakugo
0%
Class 1A momo yaoyorozu
0%
Villain Moonfish
0%
Hero Mt Lady
0%
Villain Muscular
0%
Villain Mustard
0%
Class 1B Nagamasa Moura
0%
Hero Nana Shimura
0%
police Naomasa Tsukauchi
0%
Class 1B Neito Monoma
0%
Big three Nejire Hado
0%
other Nirengeki Shouda
0%
Hero - teacher No. 13
0%
Villain nomu
0%
Class 1A Ochako Uraraka
0%
Class 1B Pony Tsunotori
0%
other Pop Step
0%
Other Principal Nezu
0%
Hero - teacher Recovery Girl
0%
Class 1B Reiko Yanagi
0%
Todoroki family Rei Todoroki
0%
Class 1A Rikido Sato
0%
Hero Rock lock
0%
Other rody soul
0%
other Romero Fujimi
0%
Hero Rumi Usagiyama
0%
Hero Ryuko tatsuma
0%
Hero Ryuuko Tsuchikawa
0%
other Saiko Intelli
0%
police Sansa Tamakawa
0%
Class 1B Seji Shishikura
0%
Hero - teacher Sekjirou Kan
0%
Hero Selkie
0%
Class 1B Sen Kaibara
0%
Class 1B Setsuna Tokage
0%
Class 1B Shihai Kuroiro
0%
other Shikkui Makabe
0%
Hero Shino Sousaki
0%
Hero Shinta Kamihara
0%
other Shishido
0%
Hero - teacher Shoto Aizawa
0%
other Shou
0%
League of Villain Shuuichi Iguchi
0%
Hero Sirius
0%
Hero - teacher Snipe
0%
Hero Taishiro Toyomitsu
0%
Hero takahiro
0%
Big three Tamaki Amajiki
0%
other Tatami Nakagame
0%
Hero Tensei Iida
0%
Class 1A Tenya Iida
0%
Class 1B Tetsutetsu tetsutestu
0%
Class 1B Togaru Kamakiri
0%
Hero Tomoko Shiretoko
0%
other Tomoyasu Chikazoku
0%
Class 1A Toru Hagakure
0%
Class 1B Tosetsu Awase
0%
Other Toshinori Yagi
0%
other Toytoy
0%
Hero Tsunagu Hakamata
0%
class 1A tsuyu asui
0%
other Uwabami
0%
Hero Yawara Chatora
0%
other Yokumiru Mera
0%
other You Shindou
0%
Class 1A Yuga Aoyama
0%
other Yui Kodai
0%
other Yuuru Haya
0%
No matching quizzes found
Score Distribution
Percent of People with Each Score
Percentile by Number Answered
Your Score History
You have not taken this quiz